[Event "30th Open"]
[Site "San Sebastian ESP"]
[Date "2007.04.04"]
[Round "4"]
[White "Czakon,J"]
[Black "Pakleza,Z"]
[Result "1-0"]
[WhiteElo "2482"]
[BlackElo "2446"]

1.d4 d5 2.c4 c6 3.Nc3 Nf6 4.e3 e6 5.Nf3 Nbd7 6.Qc2 Bd6 7.Bd3 dxc4 8.Bxc4 b5
9.Be2 Bb7 10.O-O O-O 11.e4 e5 12.Rd1 Qb8 13.g3 Re8 14.a3 a6 15.dxe5 Nxe5
16.Nd4 Bc5 17.h3 Qa7 18.Be3 g6 19.Rd2 Bb6 20.f4 Ned7 21.e5 Nxe5 22.fxe5 Rxe5
23.Bf2 c5 24.Nf3 c4 25.Nxe5 Bxf2+ 26.Kf1 Bxg3 27.Ng4 Kg7 28.Nxb5 axb5 29.Qc3 Bh4
30.Rd6 Qa5 31.Qd4 Qa7 32.Rb6 Rd8 33.Qxd8 Nxg4 34.Qd4+ Bf6 35.Qc5 Qb8 36.Qd6 Qxd6
37.Rxd6 Bxb2 38.Rb1 Bxa3 39.Rd7 Bc6 40.Ra7 Bc5 41.Rc7 Ne5 42.Rxb5  1-0

[Event "30th Open"]
[Site "San Sebastian ESP"]
[Date "2007.04.04"]
[Round "4"]
[White "Tratar,M"]
[Black "Gonzalez de la Torre,S"]
[Result "1-0"]
[WhiteElo "2476"]
[BlackElo "2388"]

1.Nf3 d5 2.d4 Nf6 3.c4 c6 4.Nc3 e6 5.e3 Nbd7 6.Qc2 Bd6 7.Bd3 O-O 8.O-O dxc4
9.Bxc4 b5 10.Be2 Bb7 11.Rd1 Qc7 12.e4 e5 13.g3 Rfe8 14.a3 a6 15.dxe5 Nxe5
16.Bg5 Neg4 17.Nd4 h6 18.Nf5 Be5 19.Bxf6 Nxf6 20.Rac1 Bxc3 21.Qxc3 Rxe4 22.Bf3 Rc4
23.Qd3 Rxc1 24.Rxc1 Qe5 25.Nd6 Rd8 26.Nxf7 Qxg3+ 27.hxg3 Rxd3 28.Ne5 Rb3
29.Rc2 Kh7 30.Rd2 Bc8 31.Bd1 Ne4 32.Re2 Nxg3 33.fxg3 Rxg3+ 34.Kf2 Rg5 35.Bc2+ Bf5
36.Nxc6 Bxc2 37.Rxc2 h5 38.Nd4 h4 39.Nf3 Rf5 40.Kg2 g5 41.Rc7+ Kg6 42.b4 Rf4
43.Rc6+ Kh5 44.Rc5 Rg4+ 45.Kh2 Rg3 46.Ne5 Rxa3 47.Rc8 Ra2+ 48.Kg1 g4 49.Rh8+ Kg5
50.Rg8+ Kf4 51.Nxg4 h3 52.Nf6 h2+ 53.Kh1 Ke5 54.Nd7+ Kd4 55.Nb8 Kc3 56.Nc6 Kb3
57.Rg3+ Kc4 58.Rg2 Ra1+ 59.Kxh2 Kd5 60.Rg6 Ra4 61.Kg3 a5 62.bxa5 b4 63.a6 b3
64.a7 b2 65.Na5 Ra3+ 66.Kf2 Rxa5 67.Rg5+ Kd6 68.Rxa5 b1=Q 69.a8=Q Qb2+ 70.Kg3 Qc3+
71.Kg4 Qc4+ 72.Kg5 Qc1+ 73.Kg6 Qc2+ 74.Rf5 Kd7 75.Qd5+ Ke8 76.Kf6  1-0

[Event "8th ch-Euro"]
[Site "Dresden GER"]
[Date "2007.04.05"]
[Round "3"]
[White "Arutinian,D"]
[Black "Tkachiev,V"]
[Result "1/2-1/2"]
[WhiteElo "2552"]
[BlackElo "2649"]

1.d4 d5 2.c4 c6 3.Nf3 Nf6 4.Nc3 e6 5.e3 a6 6.b3 c5 7.cxd5 cxd4 8.Qxd4 exd5
9.Bb2 Nc6 10.Qd3 Bd6 11.Be2 O-O 12.O-O Be6 13.Rfd1 Qe7 14.e4 Rad8 15.Nxd5 Bxd5
16.exd5 Nb4 17.Qf5 Ne4 18.Ne5 Nxf2 19.Kxf2 g6 20.Ng4 Qh4+ 21.g3 gxf5 22.Nf6+ Qxf6
23.Bxf6 Bc5+ 24.Kf3 Rd7 25.Rac1 b6 26.Rd2 Nxd5 27.Bg5 Nf6 28.Rxd7 Nxd7 29.Bxa6 Ra8
30.Be2 Rxa2 31.Bf4 Rb2 32.Rd1  1/2-1/2

[Event "8th ch-Euro"]
[Site "Dresden GER"]
[Date "2007.04.05"]
[Round "3"]
[White "Nyback,T"]
[Black "Jaracz,P"]
[Result "1-0"]
[WhiteElo "2604"]
[BlackElo "2483"]

1.d4 d5 2.c4 c6 3.Nc3 Nf6 4.e3 e6 5.Nf3 Nbd7 6.Qc2 Bd6 7.g4 h6 8.Bd2 dxc4
9.Bxc4 b5 10.Be2 Bb7 11.e4 b4 12.Na4 Be7 13.g5 hxg5 14.Nxg5 Qc7 15.e5 Nd5
16.Rg1 Bxg5 17.Bxg5 Rxh2 18.Bg4 c5 19.Rc1 Kf8 20.Nxc5 Nxc5 21.Qxc5+ Qxc5
22.Rxc5 Rc8 23.Be2 f6 24.exf6 gxf6 25.Bd2 Rxc5 26.dxc5 Bc6 27.Bf3 a5 28.a3 Rh4
29.axb4 axb4 30.Rg4 Rxg4 31.Bxg4 Ke7 32.Be2 Kd7 33.Bc4 Bb7 34.Bh6 Ne7 35.Kd2 Nf5
36.Bf8 Bc6 37.Kd3 Nh4 38.Ba6 Nf5 39.Kc4 Ke8 40.Bd6 Nxd6+ 41.cxd6 Kd7 42.Kc5 Bg2
43.Bb5+ Kd8 44.Kxb4 e5 45.Kc5 f5 46.Bc6 e4 47.b4 f4 48.b5 e3  1-0

[Event "8th ch-Euro"]
[Site "Dresden GER"]
[Date "2007.04.05"]
[Round "3"]
[White "Boettger,L"]
[Black "Banusz,T"]
[Result "0-1"]
[WhiteElo "2096"]
[BlackElo "2459"]

1.d4 d5 2.c4 e6 3.Nc3 c6 4.e3 Nf6 5.Nf3 a6 6.c5 Nbd7 7.b4 g6 8.Bd3 Bg7 9.O-O Qc7
10.Na4 e5 11.Nxe5 Nxe5 12.dxe5 Qxe5 13.Bb2 Qg5 14.Qc2 Be6 15.Nb6 Rd8 16.Bd4 O-O
17.a4 Ng4 18.Rae1 Bxd4 19.exd4 Qf4 20.g3 Qxd4 21.h4 Ne5 22.Be2 Bf5 23.Qd1 Qxb4
24.Bxa6 Bg4 25.Be2 Bh3  0-1

[Event "8th ch-Euro"]
[Site "Dresden GER"]
[Date "2007.04.05"]
[Round "3"]
[White "Moiseenko,A1"]
[Black "Kotanjian,T"]
[Result "1-0"]
[WhiteElo "2627"]
[BlackElo "2524"]

1.d4 d5 2.c4 c6 3.Nc3 Nf6 4.e3 e6 5.Nf3 Nbd7 6.Bd3 dxc4 7.Bxc4 b5 8.Bd3 a6
9.e4 c5 10.e5 cxd4 11.Nxb5 axb5 12.exf6 gxf6 13.O-O Qb6 14.Qe2 b4 15.Rd1 Bc5
16.a4 h5 17.Bf4 Kf8 18.Bg3 e5 19.Rdc1 Be7 20.a5 Qd8 21.Qe4 Ra7 22.Nxd4 Bb7
23.Qe3 Bc5 24.Ne6+ fxe6 25.Rxc5 Ra8 26.Rb5 Ba6 27.Rxb4 Bxd3 28.Qxd3 Qc7 29.Rc4  1-0

[Event "8th ch-Euro"]
[Site "Dresden GER"]
[Date "2007.04.05"]
[Round "3"]
[White "Dziuba,M"]
[Black "Predojevic,B"]
[Result "0-1"]
[WhiteElo "2525"]
[BlackElo "2587"]

1.d4 d5 2.c4 c6 3.Nc3 Nf6 4.e3 e6 5.Nf3 Nbd7 6.Bd3 dxc4 7.Bxc4 b5 8.Bb3 Be7
9.O-O O-O 10.Re1 b4 11.Ne2 c5 12.Nf4 Bb7 13.a3 Qb6 14.axb4 cxd4 15.Qxd4 Bxf3
16.gxf3 Qb7 17.Nd3 Qxf3 18.Qf4 Qb7 19.Bd2 e5 20.Nxe5 Nxe5 21.Qxe5 Bxb4 22.Bxb4 Qxb4
23.Ba4 Rac8 24.b3 Rfd8 25.Rac1 Qd2 26.Rb1 Qxf2+ 27.Kxf2 Ng4+ 28.Kg3 Nxe5
29.Red1 g5 30.h4 h6 31.hxg5 hxg5 32.Rd4 Kg7 33.Rbd1 Rh8 34.Rd5 f6 35.Rxe5 Rc7
36.Bb5 Rc3 37.Re7+ Kg6 38.Re1 Rxb3 39.Bf1 Rh4 40.Re2 Re4 41.Rxe4 f5 42.Kg2  0-1

[Event "9th Open"]
[Site "Foxwoods USA"]
[Date "2007.04.05"]
[Round "3"]
[White "Ehlvest,J"]
[Black "Pruess,D"]
[Result "1-0"]
[WhiteElo "2640"]
[BlackElo "2408"]

1.d4 d5 2.c4 e6 3.Nf3 Nf6 4.Nc3 c6 5.e3 Nbd7 6.Qc2 Bd6 7.Be2 O-O 8.O-O Re8
9.Rd1 Qe7 10.b3 dxc4 11.bxc4 e5 12.Rb1 e4 13.Nd2 Nf8 14.c5 Bc7 15.Ba3 Ng4
16.Nf1 Qh4 17.g3 Qf6 18.Bc4 Qf5 19.f4 h5 20.Qg2 b5 21.cxb6 axb6 22.Bxf8 Kxf8
23.a4 Nf6 24.d5 Bd7 25.dxc6 Bxc6 26.Qa2 Re7 27.Nb5 Be8 28.Qa3 Qc5 29.Qb3 h4
30.Rbc1 Qh5 31.Qb4 Qc5 32.Qb2 Rxa4 33.Be2 Rb4 34.Qa2 Rxb5 35.Rxc5 Rxc5 36.g4 Bc6
37.Qb2 Nd5 38.Rd4 b5 39.Bd1 Bb6 40.Bb3 Re8 41.Qd2 Rd8 42.Qe1 Ra8 43.Qd2 Ba5
44.Qf2 Bb6 45.Qd2 Ne7 46.f5 Ba5 47.Qf2 Rc3 48.Nd2 Bb6 49.f6 Nd5 50.fxg7+ Kxg7
51.Qxh4 Ra1+ 52.Kf2 Rxe3 53.Qg5+ Kf8 54.Qh6+ Ke7 55.Qg5+ Kf8 56.Qh6+ Ke7
57.Qg5+ f6 58.Qg7+ Kd8 59.Qxf6+ Kc7 60.Bxd5 Bxd5 61.Qe5+ Kc8 62.Qxd5 Bxd4
63.Qxd4 Rea3 64.Qxe4 R1a2 65.Qc6+ Kd8 66.Ke2 Ke7 67.Qxb5 Kf6 68.h4 Kg7 69.h5 Rh3
70.Qg5+  1-0

[Event "30th Open"]
[Site "San Sebastian ESP"]
[Date "2007.04.05"]
[Round "5"]
[White "Yrjola,J"]
[Black "Riesco Lekuona,J"]
[Result "1-0"]
[WhiteElo "2384"]
[BlackElo "1964"]

1.d4 d5 2.c4 c6 3.Nc3 Nf6 4.e3 e6 5.Nf3 Nbd7 6.Bd3 Bd6 7.e4 dxe4 8.Nxe4 Nxe4
9.Bxe4 h6 10.O-O O-O 11.Re1 Nf6 12.Bc2 c5 13.Be3 b6 14.dxc5 bxc5 15.Bd2 Qe7
16.Bc3 Rd8 17.Qe2 Bb7 18.Ne5 Nd7 19.Qd3 Qg5 20.Qh7+ Kf8 21.Nxd7+ Rxd7 22.g3 Qg4
23.Qh8+ Ke7 24.Qxg7 Qf3 25.Rxe6+  1-0

[Event "LIII Mexican Open"]
[Site "Aguascalientes MEX"]
[Date "2007.04.06"]
[Round "6"]
[White "Davalos,A"]
[Black "Almeida Saenz,A"]
[Result "1/2-1/2"]
[WhiteElo "2270"]
[BlackElo "2404"]

1.c4 Nf6 2.Nc3 c6 3.d4 d5 4.Nf3 e6 5.e3 Nbd7 6.Qc2 Bd6 7.Be2 O-O 8.O-O Qe7
9.e4 Nxe4 10.Nxe4 dxe4 11.Qxe4 e5 12.dxe5 Nxe5 13.Be3 f5 14.Qc2 Ng4 15.c5 Bc7
16.Bc4+ Be6 17.Bd4 Bxc4 18.Qxc4+ Qf7 19.Qxf7+ Rxf7 20.h3 Nf6 21.Bxf6 Rxf6
22.Rad1 Rf7 23.Rfe1 h6 24.Re6 Kh7 25.Ne5 Bxe5 26.Rxe5 f4 27.f3 Rb8 28.Rd4 b6
29.b4 Rf6 30.a3 Rb7 31.h4 Rbf7 32.Kf2 bxc5 33.Rxc5 Re7 34.Rcc4 g5 35.hxg5 hxg5
36.Rc5 Kh6 37.Rdc4 Ree6 38.Ra5 Rd6 39.Rc2 Kh5 40.Rxa7 Rd3 41.Rh7+ Kg6 42.Rc7 Rxa3
43.R7xc6 Rb3 44.Rxf6+ Kxf6 45.Rc6+ Ke5 46.Rb6 Rb2+ 47.Kg1 Kd4 48.Rb8 Ke3
49.b5 Rb1+ 50.Kh2 Kf2 51.Rc8 Rxb5 52.Rc2+ Kf1 53.Kh3 Rd5 54.Kg4 Rb5 55.Ra2 Rc5
56.Rb2 Ra5  1/2-1/2

[Event "8th ch-Euro w"]
[Site "Dresden GER"]
[Date "2007.04.06"]
[Round "4"]
[White "Cherednichenko,E"]
[Black "Leite,C"]
[Result "1/2-1/2"]
[WhiteElo "2028"]
[BlackElo "2218"]

1.d4 d5 2.c4 e6 3.Nc3 c6 4.e3 Nf6 5.Nf3 Nbd7 6.Bd3 Bd6 7.O-O O-O 8.e4 dxe4
9.Nxe4 Nxe4 10.Bxe4 Qc7 11.Re1 Nf6 12.Bd3 h6 13.h3 c5 14.dxc5 Bxc5 15.Be3 b6
16.Bxc5 bxc5 17.Ne5 Bb7 18.Qe2 Rad8 19.Rad1 Rd6 20.Bc2 Rfd8 21.Rxd6 Rxd6
22.Rd1 Rxd1+ 23.Bxd1 Ne4 24.Nd3 Qd6 25.Ne1 Nd2 26.Bc2 Qd4 27.b3 e5 28.Nd3 Qc3
29.Bd1 Ne4 30.f3 Ng3 31.Qc2 Qd4+ 32.Nf2 f5 33.Qd3 e4 34.fxe4 Nxe4 35.Qxd4 cxd4
36.b4 Kf7 37.Nd3 Nd2 38.c5 Ba6 39.Ne5+ Ke6 40.Nf3 Nxf3+ 41.Bxf3 Bb5 42.Kf2 g5
43.Be2 Bc6 44.b5 Be4 45.b6 axb6 46.cxb6 Kd6 47.a4 Kc6 48.a5 d3 49.Bd1 Kb7
50.g3 Ka6 51.Ke3 Kxa5 52.b7 Bxb7 53.Kxd3 Kb4 54.Kd4 Bg2 55.Ke5 Bxh3 56.Bc2 Kc3
57.Bxf5 Bxf5 58.Kxf5 Kd4 59.Kg6 Ke4 60.Kxh6 Kf5 61.Kh5 g4 62.Kh4 Kf6 63.Kxg4 Kg6
64.Kf4 Kf6 65.g4 Kg6 66.g5 Kg7 67.Kf5 Kf7 68.g6+ Kg7 69.Kg5 Kg8 70.Kf6 Kf8  1/2-1/2

[Event "8th ch-Euro"]
[Site "Dresden GER"]
[Date "2007.04.06"]
[Round "4"]
[White "Jaracz,P"]
[Black "Nielsen,PH"]
[Result "1-0"]
[WhiteElo "2483"]
[BlackElo "2651"]

1.d4 Nf6 2.c4 e6 3.Nf3 d5 4.Nc3 c6 5.e3 Nbd7 6.Qc2 Bd6 7.b3 O-O 8.Be2 b6
9.O-O Bb7 10.Bb2 c5 11.cxd5 exd5 12.Rad1 Qe7 13.Nh4 g6 14.Nf3 Rac8 15.Qb1 a6
16.a4 Rfe8 17.Qa1 cxd4 18.Nxd4 Nc5 19.Bf3 Be5 20.Nce2 Nfe4 21.b4 Nd7 22.Bxe4 dxe4
23.Nf5 gxf5 24.Rxd7 Bxh2+ 25.Kxh2 Qxd7 26.Nf4 Qe7 27.Rh1 Rc2 28.Bf6 Qxb4
29.Kg3 Qd2 30.Rh5 Qxf2+ 31.Kh2 Re6 32.Qd4 Qd2 33.Rg5+ Kf8 34.Nxe6+ fxe6 35.Be7+ Kxe7
36.Rg7+ Ke8 37.Rg8+ Ke7 38.Qg7+ Kd6 39.Rd8+  1-0

[Event "XXXIV Open"]
[Site "La Roda ESP"]
[Date "2007.04.06"]
[Round "5"]
[White "Lalic,B"]
[Black "Martin Perez,J"]
[Result "1-0"]
[WhiteElo "2519"]
[BlackElo "2241"]

1.d4 d5 2.c4 c6 3.Nf3 Nf6 4.Nc3 e6 5.e3 Nbd7 6.Bd3 Bd6 7.e4 dxe4 8.Nxe4 Nxe4
9.Bxe4 h6 10.O-O O-O 11.Bc2 e5 12.b4 exd4 13.c5 Bc7 14.Qd3 Nf6 15.Bb2 Bg4
16.Nxd4 Qd5 17.h3 Bh5 18.Nf5 Qxd3 19.Bxd3 Rfd8 20.Bc4 Rd2 21.Bc3 Rc2 22.Rac1 Rxc1
23.Rxc1 Bf4 24.Re1 Re8 25.Rxe8+ Nxe8 26.b5 cxb5 27.Bxb5 f6 28.c6 b6 29.Ne7+ Kf8
30.Nc8 Bb8 31.Bb4+ Kg8 32.Ne7+ Kh8 33.Bc4 Bd1 34.Bf7 Nd6 35.Bxd6 Bxd6 36.Nd5 Ba4
37.Be8  1-0

[Event "30th Open"]
[Site "San Sebastian ESP"]
[Date "2007.04.06"]
[Round "7"]
[White "Lakunza,J"]
[Black "Torres,P"]
[Result "1-0"]
[WhiteElo "2170"]
[BlackElo "2048"]

1.d4 d5 2.c4 c6 3.Nf3 Nf6 4.Nc3 e6 5.e3 Nbd7 6.Bd3 dxc4 7.Bxc4 b5 8.Bd3 Bb7
9.O-O b4 10.Ne4 c5 11.Nxc5 Bxc5 12.dxc5 Nxc5 13.Bb5+ Ke7 14.Qe2 Qb6 15.Bd2 a5
16.Rfd1 Rhd8 17.Be1 Rab8 18.Rxd8 Rxd8 19.Nd4 e5 20.Nf5+ Kf8 21.a3 Nb3 22.Rd1 Rxd1
23.Qxd1 Qxb5 24.Qd6+ Kg8 25.Qb8+ Qe8 26.Qxb7 g6 27.Nd6 Qf8 28.Qc6 Nc1 29.axb4 Nd3
30.bxa5 Nxe1 31.a6 Qe7 32.Nc8 Qd8 33.h3 Nd5 34.Qxd5 Qxc8 35.a7 Qc1 36.a8=Q+  1-0

[Event "LIII Mexican Open"]
[Site "Aguascalientes MEX"]
[Date "2007.04.07"]
[Round "7"]
[White "Almeida Saenz,A"]
[Black "Garcia Correa,J"]
[Result "1/2-1/2"]
[WhiteElo "2404"]
[BlackElo "2194"]

1.d4 d5 2.c4 e6 3.Nf3 Nf6 4.Nc3 c6 5.e3 Nbd7 6.Qc2 Bd6 7.g4 h6 8.Rg1 Qe7
9.h4 dxc4 10.g5 Nd5 11.Bxc4 Nxc3 12.bxc3 e5 13.gxh6 gxh6 14.Rg7 Rf8 15.Qh7 Qf6
16.Nd2 Qxh4 17.Ne4 Be7 18.Rxf7 Rxf7 19.Bxf7+ Kd8 20.Bb2 Nf8 21.Qg7 Qxe4 22.dxe5 Bg4
23.Bb3 Qh1+ 24.Kd2 Qh4 25.Rf1 Kc7 26.Kc1 Qg5 27.Qf7 Bh5 28.Qc4 Qxe5 29.Rh1 Rd8
30.Bc2 Nd7 31.Qf1 Bf7 32.Rxh6 Bxa2 33.Qh3 Nc5 34.c4 Qg5 35.Qh2+ Kb6 36.Be5 Nd3+
37.Bxd3 Rxd3 38.Bc7+ Ka6 39.Rh5 Rd1+ 40.Kxd1 Qg4+ 41.f3 Qxf3+ 42.Qe2 Qxe2+
43.Kxe2 Bxc4+ 44.Kf3 b5 45.e4 c5 46.Rh6+ Kb7 47.Bf4 Bd8 48.Rh7+ Kc6 49.Rxa7 b4
50.Ra8 Bb6 51.Be5 Bd3 52.Rc8+ Kd7 53.Rb8 Kc6 54.Ke3 Bc2 55.Bb2 Bc7 56.Rc8 Kd7
57.Rg8 c4 58.Bd4 b3 59.Rg6 Ba5 60.Ra6 c3  1/2-1/2

[Event "FSIMA April"]
[Site "Budapest HUN"]
[Date "2007.04.07"]
[Round "1"]
[White "Petran,Pa"]
[Black "Balazs,G2"]
[Result "1-0"]
[WhiteElo "2389"]
[BlackElo "2249"]

1.d4 d5 2.c4 c6 3.Nf3 Nf6 4.Nc3 e6 5.e3 Nbd7 6.Bd3 dxc4 7.Bxc4 b5 8.Bd3 Bd6
9.O-O O-O 10.b3 Bb7 11.Bb2 Qe7 12.Ng5 e5 13.Nce4 Nxe4 14.Nxe4 Bc7 15.Ng3 g6
16.Rc1 Rac8 17.Qg4 Kh8 18.Ne4 f5 19.Qg5 Bd8 20.Qxe7 Bxe7 21.Nc5 Nxc5 22.dxc5 Bf6
23.e4 Rcd8 24.Rcd1 f4 25.Be2 Kg8 26.Bc3 Rfe8 27.g3 Kf7 28.Bg4 h5 29.Bd7 Re7
30.Bh3 Ree8 31.f3 Bg5 32.Kf2 Be7 33.b4 Bf6 34.Rd6 Be7 35.Rdd1 Bf6 36.Ke2 Ke7
37.gxf4 exf4 38.e5 Kf8 39.Rxd8 Bxd8 40.Kd3 Bc7 41.Ke4 Bc8 42.Bxc8 Rxc8 43.Rd1 Ke7
44.Rg1 Rg8 45.Kxf4 Ke6 46.Ke4 Bd8 47.f4 Be7 48.Rg2 a5 49.Rxg6+ Rxg6 50.f5+ Kf7
51.fxg6+ Kxg6 52.bxa5  1-0

[Event "8th ch-Euro"]
[Site "Dresden GER"]
[Date "2007.04.07"]
[Round "5"]
[White "Czap,B"]
[Black "Johansen,P"]
[Result "1/2-1/2"]
[WhiteElo "2207"]
[BlackElo "2108"]

1.d4 d5 2.c4 c6 3.Nc3 Nf6 4.Nf3 e6 5.e3 Nbd7 6.Bd3 Bd6 7.e4 dxe4 8.Nxe4 Nxe4
9.Bxe4 O-O 10.O-O Qc7 11.c5 Bf4 12.Re1 Nf6 13.Bc2 b6 14.Ne5 Bxc1 15.Rxc1 bxc5
16.dxc5 Rd8 17.Qe2 Bd7 18.Bb1 Be8 19.Rc3 Rd5 20.b4 Rad8 21.Nc4 Qf4 22.a3 Qd4
23.Re3 Qd1 24.Qxd1 Rxd1 25.Nd6 Rxe1+ 26.Rxe1 a5 27.Nb7 Rd2 28.Nxa5 Kf8 29.Nc4 Rd4
30.Ne5 Ke7 31.Kf1 Nd5 32.Nf3 Rc4 33.Be4 Nf6 34.Bb1 Rc3 35.Re3 Rc1+ 36.Re1 Rc3
37.Re3 Rc1+ 38.Re1  1/2-1/2

[Event "8th ch-Euro"]
[Site "Dresden GER"]
[Date "2007.04.07"]
[Round "5"]
[White "Nyback,T"]
[Black "Porper,E"]
[Result "0-1"]
[WhiteElo "2604"]
[BlackElo "2477"]

1.d4 d5 2.c4 c6 3.Nc3 Nf6 4.Nf3 e6 5.e3 Nbd7 6.Qc2 b6 7.b3 Bb7 8.Bd3 Be7
9.O-O O-O 10.Bb2 h6 11.Rfd1 Qc7 12.Rac1 Rac8 13.Qe2 Qb8 14.e4 dxe4 15.Nxe4 c5
16.dxc5 Nxe4 17.Bxe4 Nxc5 18.Bb1 a5 19.Ne5 Bg5 20.Nd7 Nxd7 21.Rxd7 Rfd8 22.Rcd1 Bc6
23.Be5 Qa8 24.Qc2 g6 25.Rxd8+ Rxd8 26.Rxd8+ Qxd8 27.Qd3 Qxd3 28.Bxd3 Be7
29.f3 f5 30.Kf2 Kf7 31.Ke3 Bc5+ 32.Kd2 g5 33.h3 h5 34.Kc3 h4 35.Bd4 Bxd4+
36.Kxd4 Kf6 37.a3 g4 38.Ke3 gxh3 39.gxh3 Ke5 40.f4+ Kd6 41.Bf1 Kc5 42.Kd3 b5
43.b4+ axb4 44.axb4+ Kxb4 45.Kd4 bxc4 46.Bxc4 Bg2 47.Bxe6 Bxh3 48.Bd7 Bg4
49.Be6 h3 50.Bd5 Bd1  0-1

[Event "8th ch-Euro"]
[Site "Dresden GER"]
[Date "2007.04.07"]
[Round "5"]
[White "Manolache,M"]
[Black "Popov,Val"]
[Result "1/2-1/2"]
[WhiteElo "2491"]
[BlackElo "2590"]

1.d4 Nf6 2.Nf3 d5 3.c4 e6 4.Nc3 c6 5.e3 Nbd7 6.Bd3 a6 7.a4 Bd6 8.O-O O-O
9.e4 dxc4 10.Bxc4 e5 11.Be3 Ng4 12.Bg5 Qc7 13.d5 h6 14.Bh4 Rb8 15.a5 Ngf6
16.dxc6 bxc6 17.Qe2 Nh5 18.Bg3 Nc5 19.Rfd1 Nxg3 20.hxg3 Rd8 21.Rd2 Be7 22.Rxd8+ Bxd8
23.Rb1 Be7 24.b4 Ne6 25.Bxa6 Bxb4 26.Bxc8 Qxc8 27.Qc4 Bxa5 28.Rxb8 Qxb8 29.Qxc6 Nd4
30.Nxd4 exd4 31.Qb5 Qxb5 32.Nxb5 d3 33.Kf1 h5 34.f3 g6  1/2-1/2

[Event "8th ch-Euro"]
[Site "Dresden GER"]
[Date "2007.04.07"]
[Round "5"]
[White "Moiseenko,A1"]
[Black "Galkin,A"]
[Result "1/2-1/2"]
[WhiteElo "2627"]
[BlackElo "2590"]

1.d4 d5 2.c4 c6 3.Nc3 Nf6 4.Nf3 e6 5.e3 Nbd7 6.Bd3 dxc4 7.Bxc4 b5 8.Bd3 Bb7
9.e4 b4 10.Na4 c5 11.e5 Nd5 12.O-O Rc8 13.Nxc5 Nxc5 14.dxc5 Bxc5 15.Ng5 Be7
16.Ne4  1/2-1/2

[Event "8th ch-Euro"]
[Site "Dresden GER"]
[Date "2007.04.07"]
[Round "5"]
[White "Beckhuis,G"]
[Black "Sorokin,M"]
[Result "1/2-1/2"]
[WhiteElo "2313"]
[BlackElo "2547"]

1.Nf3 Nf6 2.c4 c6 3.d4 d5 4.Nc3 e6 5.e3 Nbd7 6.Qc2 b6 7.Bd3 Bb7 8.O-O Be7
9.b3 O-O 10.Bb2 Rc8 11.Rad1 c5 12.Ne5 cxd4 13.exd4 Nb8 14.Qd2 Nc6 15.Qe3 Re8
16.Qh3 h6 17.cxd5 Nxe5 18.dxe6 Nd5 19.Bb5 Rf8 20.Nxd5 Bxd5 21.Bc4 Rc5 22.Ba3 Rc7
23.Bxd5 Bxa3  1/2-1/2

[Event "8th ch-Euro"]
[Site "Dresden GER"]
[Date "2007.04.07"]
[Round "5"]
[White "Evdokimov,Alexa"]
[Black "Beliavsky,A"]
[Result "1/2-1/2"]
[WhiteElo "2531"]
[BlackElo "2639"]

1.d4 d5 2.c4 c6 3.Nf3 Nf6 4.Nc3 e6 5.e3 Nbd7 6.Qc2 Bd6 7.Be2 O-O 8.O-O dxc4
9.Bxc4 a6 10.Rd1 Qc7 11.e4 e5 12.Bg5 exd4 13.Rxd4 Ng4 14.h3 Nge5 15.Nxe5 Nxe5
16.Be2 Bc5 17.Rd2 Ng6 18.Na4 Ba7 19.Nc5 Bb8 20.g3 Bxh3 21.Kh2 Bc8 22.Rad1 Ba7
23.b4 a5 24.a3 axb4 25.axb4 Bxc5 26.Qxc5 Be6 27.Be3 Rfe8 28.b5 Qc8 29.bxc6 bxc6
30.Rc1 Bd7 31.Qd6 Nf8 32.Bf3 Ra5 33.Bf4 Bg4 34.Bg2 c5 35.Qb6 Ra6 36.Qxc5 Qxc5
37.Rxc5 Ne6 38.Re5 f6 39.Rb5 Nxf4 40.gxf4  1/2-1/2

[Event "18th Pobeskydi Chance Cup"]
[Site "Frydek Mistek CZE"]
[Date "2007.04.07"]
[Round "5"]
[White "Zavadil,M"]
[Black "Diviak,Ra"]
[Result "1-0"]
[WhiteElo "2138"]
[BlackElo "1958"]

1.d4 d5 2.c4 c6 3.Nc3 Nf6 4.Nf3 e6 5.e3 Nbd7 6.Bd3 dxc4 7.Bxc4 b5 8.Bd3 Bb7
9.O-O a6 10.e4 c5 11.d5 c4 12.dxe6 fxe6 13.Bc2 Nc5 14.Qe2 Be7 15.e5 Nd5 16.Ne4 Nxe4
17.Qxe4 Qc7 18.Nd4 Qd7 19.Qg4 Nc7 20.Qh5+ Kd8 21.Rd1 Bd5 22.Be3 Kc8 23.f4 Kb7
24.f5 Bc5 25.Kh1 exf5 26.e6 Nxe6 27.Bxf5 Bxd4 28.Rxd4 Qc6 29.Rxd5 Qxd5 30.Rd1 Qc6
31.Qg4 Nc5 32.Bd7 Qc7 33.Qf3+ Kb6 34.Rd5 Ka5 35.Bxc5 Qxc5 36.Rxc5 Rhf8 37.Rf5  1-0

[Event "XXXIV Open"]
[Site "La Roda ESP"]
[Date "2007.04.07"]
[Round "6"]
[White "Fernandez Fernandez,Ju"]
[Black "Almagro Mazariegos,S"]
[Result "0-1"]
[WhiteElo "2118"]
[BlackElo "2315"]

1.d4 d5 2.c4 c6 3.Nc3 Nf6 4.e3 e6 5.Nf3 Nbd7 6.Bd3 Bd6 7.O-O O-O 8.e4 dxc4
9.Bxc4 e5 10.Bg5 Qe7 11.Bb3 Rd8 12.d5 Nc5 13.h3 h6 14.Bxf6 Qxf6 15.Bc2 Bc7
16.Qe2 Nd7 17.Rfd1 Nf8 18.Nh2 Ng6 19.Qf3 Qe7 20.Bb3 Bb6 21.Nf1 Bd4 22.Ng3 Nh4
23.Qe2 Qg5 24.Kh1 Ng6 25.Qf3 Nh4 26.Qe2 Qf4 27.Rf1 Rd6 28.Rad1 Rg6 29.Qd2 Qf6
30.Nce2 c5 31.f4 Qd6 32.f5 Rg5 33.Qd3 Bd7 34.Rde1 Bxb2 35.Bd1 Bd4 36.Nxd4 cxd4
37.Bg4 a6 38.Rf2 Rc8 39.Nh5 Rc3 40.Qd2 Qa3 41.Ref1 Bb5 42.Rg1 Re3 43.Rd1 Bd3
44.g3 Bxe4+ 45.Kh2 Nf3+ 46.Bxf3 Rxf3 47.Rxf3 Qxf3 48.g4 Bxd5 49.Ng3 Bc6 50.Rf1 Qd5
51.Rf2 e4 52.Qf4 e3  0-1

[Event "30th Open"]
[Site "San Sebastian ESP"]
[Date "2007.04.07"]
[Round "8"]
[White "San Segundo Carrillo,P"]
[Black "Gonzalez de la Torre,S"]
[Result "1-0"]
[WhiteElo "2539"]
[BlackElo "2388"]

1.d4 d5 2.c4 c6 3.Nc3 Nf6 4.e3 e6 5.Nf3 Nbd7 6.Bd3 dxc4 7.Bxc4 b5 8.Bd3 Bd6
9.O-O O-O 10.Bd2 Bb7 11.a3 Qe7 12.Ng5 a5 13.Rc1 e5 14.Qc2 g6 15.Nge4 Bb8
16.Nxf6+ Qxf6 17.Ne4 Qh4 18.dxe5 Nxe5 19.f4 Nd7 20.Ng5 Ba7 21.Rf3 Ne5 22.fxe5 Qxg5
23.e6 f5 24.Rcf1 f4 25.Qb3 a4 26.Qa2 Rae8 27.e7+  1-0

[Event "II Rapid"]
[Site "Canada de Calatrava ESP"]
[Date "2007.04.08"]
[Round "8"]
[White "Krasenkow,M"]
[Black "Gritsak,O"]
[Result "1/2-1/2"]
[WhiteElo "2651"]
[BlackElo "2532"]

1.d4 Nf6 2.c4 e6 3.Nf3 d5 4.Nc3 c6 5.e3 Nbd7 6.Qc2 Bd6 7.g4 h6 8.Bd2 a6 9.c5 Bc7
10.Rg1 e5 11.O-O-O e4 12.Nh4 Nf8  1/2-1/2

[Event "II Rapid"]
[Site "Canada de Calatrava ESP"]
[Date "2007.04.08"]
[Round "8"]
[White "Gelfand,B"]
[Black "Fridman,D2"]
[Result "1/2-1/2"]
[WhiteElo "2733"]
[BlackElo "2626"]

1.d4 d5 2.c4 c6 3.Nf3 Nf6 4.Nc3 e6 5.e3 a6 6.c5 b6 7.cxb6 Nbd7 8.Bd3 c5 9.O-O Nxb6
10.dxc5 Bxc5 11.e4 Bb7 12.e5 Ne4 13.Qe2 Nxc3 14.bxc3 Qc7 15.Rb1 Nc4 16.Bf4 Bc6
17.Nd4 O-O 18.Qh5 g6 19.Qf3 Rfc8 20.Nxc6 Qxc6 21.Bxc4 dxc4 22.Qxc6 Rxc6 23.Rfd1 Rcc8
24.Kf1 Rab8 25.Bg5 Bf8 26.Be3 Kg7 27.Ke2 h6 28.f4 Ba3 29.Kf3 Bb2 30.Bd4 Rb5
31.g4 Kf8 32.f5 gxf5 33.gxf5 exf5 34.Kf4 Ke7 35.Kxf5 Rg8 36.Rg1 Rxg1 37.Rxg1 Ba3
38.Rg8 Rb2 39.Ra8 Rxh2 40.Rxa6 Bc1 41.Bc5+ Kd7 42.a4 Rh4 43.Rd6+ Ke8 44.Rd4 Rxd4
45.Bxd4 Bg5 46.a5 Kd7 47.a6 Kc6 48.Bc5 Bd8 49.Bb4 h5 50.Bc5 Bh4 51.Be3 Bd8
52.Bf2 Be7 53.Be3 Kd5  1/2-1/2

[Event "II Rapid"]
[Site "Canada de Calatrava ESP"]
[Date "2007.04.08"]
[Round "8"]
[White "Mamedyarov,S"]
[Black "Sokolov,Iv"]
[Result "0-1"]
[WhiteElo "2754"]
[BlackElo "2652"]

1.d4 d5 2.c4 c6 3.Nc3 Nf6 4.e3 e6 5.Nf3 a6 6.Qc2 c5 7.cxd5 exd5 8.Be2 Nc6
9.O-O cxd4 10.exd4 Be7 11.Ne5 Nxd4 12.Qa4+ Nc6 13.Nxc6 bxc6 14.Qxc6+ Bd7
15.Qb7 d4 16.Nd5 O-O 17.Nxe7+ Qxe7 18.Bd3 Qd6 19.Qf3 Rfe8 20.Bf4 Qd5 21.Qxd5 Nxd5
22.Bd6 Bb5 23.Rfd1 Bxd3 24.Rxd3 Rad8 25.Bc5 Nf4 26.Rd2 Rd5 27.Ba3 d3 28.Rad1 Red8
29.g3 Ne6 30.f4 Nd4 31.Kf2 Nc2 32.Be7 R8d7 33.b4 f6 34.Bc5 a5 35.Kf3 axb4
36.Bf2 Kf7 37.Rb1 h5 38.Rb3 f5 39.Rb1 Ke7 40.h3 Kd6 41.g4 hxg4+ 42.hxg4 fxg4+
43.Kxg4 Kc6 44.Rh1 Kb5 45.Rh8 Rc7 46.Rh3 Kc4 47.Rhxd3 Rxd3 48.Rxc2+ Rc3 49.Re2 Kd3
50.Rb2 Rc2 51.Rb3+ R7c3 52.Be1 Rxb3 53.axb3 Rc3  0-1

[Event "8th ch-Euro w"]
[Site "Dresden GER"]
[Date "2007.04.08"]
[Round "6"]
[White "Fakhiridou,E"]
[Black "Smokina,K"]
[Result "1/2-1/2"]
[WhiteElo "2293"]
[BlackElo "2203"]

1.d4 d5 2.c4 c6 3.e3 Nf6 4.Nf3 e6 5.Nc3 Nbd7 6.Be2 dxc4 7.Bxc4 b5 8.Bd3 a6
9.O-O Bb7 10.Qe2 Be7 11.Be4 O-O 12.a3 Re8  1/2-1/2

[Event "8th ch-Euro"]
[Site "Dresden GER"]
[Date "2007.04.08"]
[Round "6"]
[White "Siedentopf,D"]
[Black "Vaznonis,V"]
[Result "0-1"]
[WhiteElo "2178"]
[BlackElo "2279"]

1.d4 d5 2.c4 c6 3.Nc3 Nf6 4.e3 e6 5.Nf3 Nbd7 6.Qc2 Bd6 7.b3 O-O 8.Bd3 Qe7
9.Bb2 Re8 10.e4 e5 11.cxd5 cxd5 12.O-O exd4 13.Nxd5 Nxd5 14.exd5 Ne5 15.Nxe5 Qxe5
16.f4 Qxd5 17.Bxh7+ Kf8 18.Bd3 Bg4 19.Bc4 Qe4 20.Qf2 d3 21.Qh4 Qg6 22.Bxd3 Qh5
23.Qxh5 Bxh5 24.Rfe1 Bxf4 25.Ba3+ Kg8 26.Be4 Bd2 27.Bxb7 Bxe1 28.Bxa8 Bc3
29.Bc6 Re6 30.Rc1 Rxc6 31.Kh1 Re6 32.Bc5 Bd2  0-1

[Event "8th ch-Euro"]
[Site "Dresden GER"]
[Date "2007.04.08"]
[Round "6"]
[White "Jianu,V"]
[Black "Najer,E"]
[Result "1-0"]
[WhiteElo "2498"]
[BlackElo "2605"]

1.d4 Nf6 2.c4 e6 3.Nf3 d5 4.Nc3 c6 5.e3 a6 6.b3 c5 7.cxd5 exd5 8.Bb2 Nc6
9.Be2 cxd4 10.Nxd4 Bd6 11.O-O O-O 12.Rc1 Qc7 13.g3 Bh3 14.Re1 Rfd8 15.Bf3 Be5
16.Na4 Re8 17.Nxc6 Bxb2 18.Nxb2 bxc6 19.Na4 Rad8 20.Qd4 Ne4 21.Nc5 Qc8 22.Red1 h5
23.Be2 h4 24.Nxe4 Rxe4 25.Qc5 hxg3 26.hxg3 Bg4 27.f3 Rde8 28.fxe4 Bxe2 29.Rd2 Qg4
30.Qd6 g5 31.Re1 Bf3 32.Rh2 Bxe4 33.Rf1 Bd3 34.Rh8+  1-0